[Event "Torneo Maestros FMA"]
[Site "Madrid ESP"]
[Date "2007.04.20"]
[Round "1.1"]
[White "Roa Alonso, Santiago"]
[Black "Mateo, Ramon"]
[Result "1/2-1/2"]
[WhiteElo "2423"]
[BlackElo "2448"]
[PlyCount "50"]
[EventDate "2007.04.20"]
[EventType "tourn"]
[EventRounds "11"]
[EventCountry "ESP"]
[Source "lmi"]
[SourceDate "2007.04.20"]

1. e4 c6 2. d4 d5 3. exd5 cxd5 4. c4 Nf6 5. Nc3 e6 6. Nf3 Be7 7. cxd5 Nxd5 8.
Bd3 O-O 9. O-O Nc6 10. a3 Nxc3 11. bxc3 b6 12. Qe2 Bb7 13. Rd1 Rc8 14. c4 Bf6
15. Bb2 Re8 16. Rac1 g6 17. Qe3 Bg7 18. h3 Rc7 19. Qf4 Rd7 20. Bc2 Qf6 21. Qg3
Red8 22. Ba4 Bh6 23. Qf4 Bg7 24. Bc2 Re8 25. Qe3 Qd8 1/2-1/2

[Event "Torneo Maestros FMA"]
[Site "Madrid ESP"]
[Date "2007.04.20"]
[Round "1.2"]
[White "Borges Mateos, Juan"]
[Black "Llaneza Vega, Marcos"]
[Result "0-1"]
[WhiteElo "2482"]
[BlackElo "2455"]
[PlyCount "116"]
[EventDate "2007.04.20"]
[EventType "tourn"]
[EventRounds "11"]
[EventCountry "ESP"]
[Source "lmi"]
[SourceDate "2007.04.20"]

1. d4 Nf6 2. Nf3 g6 3. c4 Bg7 4. g3 d5 5. Bg2 O-O 6. O-O dxc4 7. Na3 c3 8. bxc3
c5 9. Bb2 Nc6 10. e3 Bf5 11. Nc4 Qc8 12. a4 Rd8 13. Nfd2 Bd3 14. Re1 Rb8 15.
Qb3 Qe6 16. Ba3 b6 17. Nb2 Qxb3 18. Nxb3 Be4 19. Rac1 Bxg2 20. Kxg2 e6 21. Red1
cxd4 22. cxd4 Rbc8 23. Rc4 Bf8 24. Bxf8 Kxf8 25. Rdc1 Ne7 26. Kf3 Rxc4 27. Nxc4
Rc8 28. e4 Nc6 29. h3 Ke7 30. Ke3 Nb4 31. Nbd2 Nd7 32. Rb1 a5 33. g4 f6 34. f4
h6 35. Rg1 Nb8 36. f5 Nc2+ 37. Kd3 Nb4+ 38. Kc3 exf5 39. gxf5 g5 40. h4 Kf7 41.
e5 Nd5+ 42. Kd3 Rd8 43. Ne4 Nc6 44. Ned6+ Kg7 45. hxg5 hxg5 46. e6 Rh8 47. Rg3
Rh4 48. Ke2 Nxd4+ 49. Kf1 Rf4+ 50. Kg2 Nxf5 51. Rd3 Rg4+ 52. Kf1 Nxd6 53. Nxd6
Ne7 54. Rb3 Rb4 55. Rf3 Rf4 56. Rxf4 gxf4 57. Nc4 Nc8 58. Kf2 Kf8 0-1

[Event "Torneo Maestros FMA"]
[Site "Madrid ESP"]
[Date "2007.04.20"]
[Round "1.3"]
[White "Lariño Nieto, David"]
[Black "Hernandez, Holden"]
[Result "0-1"]
[WhiteElo "2404"]
[BlackElo "2541"]
[PlyCount "108"]
[EventDate "2007.04.20"]
[EventType "tourn"]
[EventRounds "11"]
[EventCountry "ESP"]
[Source "lmi"]
[SourceDate "2007.04.20"]

1. c4 Nf6 2. Nc3 e5 3. g3 Nc6 4. Bg2 Bb4 5. Nd5 Bc5 6. d3 Nxd5 7. cxd5 Ne7 8.
Nf3 d6 9. d4 exd4 10. Nxd4 O-O 11. O-O a5 12. Qd2 Nf5 13. Nc2 Qf6 14. b3 Re8
15. Rb1 Nd4 16. Nxd4 Qxd4 17. Qxd4 Bxd4 18. Bb2 Bc5 19. e3 Bd7 20. Rfd1 Kf8 21.
Bd4 b6 22. Rbc1 Ra7 23. Bb2 a4 24. Bc3 axb3 25. axb3 b5 26. Bd4 Bxd4 27. Rxd4
Rea8 28. Bf1 Ra1 29. Rdd1 Rxc1 30. Rxc1 Ra7 31. Bd3 Ke7 32. h4 h6 33. Kf1 Kd8
34. Ke2 Ra3 35. Bc2 b4 36. Kd3 Ra5 37. e4 f5 38. Rd1 Ra2 39. Rd2 fxe4+ 40. Kxe4
Be8 41. Ke3 Bf7 42. Be4 Ra3 43. Rd3 c5 44. dxc6 Rxb3 45. Kd4 Kc7 46. Rd1 Rc3
47. Ra1 Ra3 48. Re1 b3 49. Bg2 Ra4+ 50. Kd3 Bc4+ 51. Kc3 d5 52. Rd1 Kxc6 53.
Rd4 Kc5 54. Bxd5 b2 0-1

[Event "Torneo Maestros FMA"]
[Site "Madrid ESP"]
[Date "2007.04.20"]
[Round "1.4"]
[White "Campora, Daniel"]
[Black "Moreno Ruiz, Javier"]
[Result "1/2-1/2"]
[WhiteElo "2532"]
[BlackElo "2482"]
[PlyCount "128"]
[EventDate "2007.04.20"]
[EventType "tourn"]
[EventRounds "11"]
[EventCountry "ESP"]
[Source "lmi"]
[SourceDate "2007.04.20"]

1. d4 d5 2. c4 dxc4 3. e3 e5 4. Bxc4 exd4 5. Nf3 Bb4+ 6. Bd2 Bxd2+ 7. Qxd2 dxe3
8. Bxf7+ Ke7 9. Qxd8+ Kxd8 10. fxe3 Nf6 11. Nc3 c6 12. e4 Ke7 13. Bb3 Nbd7 14.
O-O Nc5 15. Bc2 Be6 16. Nd4 Rad8 17. Rad1 Bg4 18. Nf5+ Bxf5 19. exf5 Rxd1 20.
Rxd1 Rd8 21. Rxd8 Kxd8 22. Kf2 Ng4+ 23. Kf3 Ne5+ 24. Ke3 Ke7 25. h3 a5 26. g4
h6 27. Kd4 Kd6 28. b3 b5 29. a3 b4 30. axb4 axb4 31. Nb1 Ncd7 32. Nd2 c5+ 33.
Ke3 Nf6 34. Be4 Nd5+ 35. Kf2 Nb6 36. Bg2 c4 37. Ne4+ Kd5 38. Ke3 cxb3 39. Nd2+
Kc5 40. Nxb3+ Kc4 41. Nd2+ Kc3 42. Ne4+ Kc4 43. Nd6+ Kc3 44. Nb5+ Kc4 45. Nd6+
Kc3 46. Ke4 Nec4 47. Nb5+ Kd2 48. Kd4 b3 49. Be4 Ne3 50. Na3 Ke2 51. Nb1 Kf2
52. Nd2 Nc2+ 53. Kc3 Kg3 54. Nxb3 Ne3 55. Kd4 Nd1 56. Nc5 Kxh3 57. Ne6 Kxg4 58.
Nxg7 Nd7 59. Bc6 Nf8 60. Ba4 Nf2 61. Ke5 Nd3+ 62. Kd6 Nf4 63. Ke7 N8g6+ 64.
fxg6 Nxg6+ 1/2-1/2

[Event "Torneo Maestros FMA"]
[Site "Madrid ESP"]
[Date "2007.04.20"]
[Round "1.5"]
[White "Minzer, Claudio"]
[Black "Vazquez, Renier"]
[Result "1/2-1/2"]
[WhiteElo "2414"]
[BlackElo "2517"]
[PlyCount "39"]
[EventDate "2007.04.20"]
[EventType "tourn"]
[EventRounds "11"]
[EventCountry "ESP"]
[Source "lmi"]
[SourceDate "2007.04.20"]

1. Nf3 Nf6 2. c4 e6 3. Nc3 d5 4. d4 Be7 5. Bg5 h6 6. Bh4 O-O 7. e3 b6 8. Rc1
Bb7 9. Bxf6 Bxf6 10. cxd5 exd5 11. Bd3 Nd7 12. O-O Re8 13. Re1 g6 14. b4 c6 15.
Qb3 Nf8 16. a3 Bg7 17. Rcd1 Ne6 18. h3 Rc8 19. Bf1 Rc7 20. a4 1/2-1/2

[Event "Torneo Maestros FMA"]
[Site "Madrid ESP"]
[Date "2007.04.20"]
[Round "1.6"]
[White "Mirzoev, Azer"]
[Black "Martinez, David"]
[Result "1-0"]
[WhiteElo "2535"]
[BlackElo "2403"]
[PlyCount "110"]
[EventDate "2007.04.20"]
[EventType "tourn"]
[EventRounds "11"]
[EventCountry "ESP"]
[Source "lmi"]
[SourceDate "2007.04.20"]

1. c4 Nc6 2. Nc3 e5 3. g3 Bc5 4. Bg2 a6 5. e3 d6 6. Nge2 Nge7 7. O-O Ba7 8. a3
h5 9. h3 h4 10. g4 f5 11. gxf5 Bxf5 12. d3 Qd7 13. Kh2 g5 14. Ne4 Bxe4 15. Bxe4
g4 16. hxg4 Qxg4 17. Nc3 Qd7 18. Rg1 O-O-O 19. Qg4 Qxg4 20. Rxg4 Rdf8 21. Nd1
Nd8 22. b4 c6 23. Bb2 Ne6 24. Rc1 Rh5 25. Rc2 Kd7 26. Nc3 Ng5 27. Bh1 Bb8 28.
Ne4 Ne6 29. Kh3 b6 30. Kg2 Nf5 31. Kg1 Ke7 32. a4 h3 33. b5 axb5 34. axb5 h2+
35. Kg2 cxb5 36. cxb5 Nc5 37. Rd2 d5 38. Ng3 Nxg3 39. fxg3 Bd6 40. e4 d4 41.
Rh4 Rxh4 42. gxh4 Rh8 43. Kg3 Ke6 44. Bf3 Be7 45. Bg4+ Kd6 46. Rxh2 Nxd3 47.
Ba3+ Nc5 48. h5 Bg5 49. Ra2 Kc7 50. Bxc5 bxc5 51. Ra6 Bf4+ 52. Kf2 Kb7 53. Be2
Rd8 54. Bd3 Be3+ 55. Ke2 Rf8 1-0

[Event "Torneo Maestros FMA"]
[Site "Madrid ESP"]
[Date "2007.04.21"]
[Round "2.1"]
[White "Mateo, Ramon"]
[Black "Martinez, David"]
[Result "1-0"]
[WhiteElo "2448"]
[BlackElo "2403"]
[PlyCount "69"]
[EventDate "2007.04.20"]
[EventType "tourn"]
[EventRounds "11"]
[EventCountry "ESP"]
[Source "lmi"]
[SourceDate "2007.04.20"]

1. d4 d5 2. c4 c6 3. Qc2 Nf6 4. Nf3 g6 5. cxd5 cxd5 6. Bg5 Ne4 7. Bf4 Nc6 8.
Nc3 Bg7 9. e3 O-O 10. Be2 Bf5 11. Qb3 Nxc3 12. bxc3 Na5 13. Qb4 Rc8 14. O-O Re8
15. Rfc1 Bf8 16. Qb2 f6 17. Bg3 a6 18. a4 Rc6 19. Nd2 e5 20. Qa2 Kh8 21. Bf3 e4
22. Be2 Be6 23. Bb5 axb5 24. axb5 Rc8 25. Qxa5 Qxa5 26. Rxa5 Bb4 27. Ra7 Bxc3
28. Nb3 b6 29. h4 Bb4 30. Rxc8 Rxc8 31. Rb7 Rc3 32. Rxb6 Bd7 33. Rb8+ Rc8 34.
Rb7 Bg4 35. b6 1-0

[Event "Torneo Maestros FMA"]
[Site "Madrid ESP"]
[Date "2007.04.21"]
[Round "2.2"]
[White "Vazquez, Renier"]
[Black "Mirzoev, Azer"]
[Result "1/2-1/2"]
[WhiteElo "2517"]
[BlackElo "2535"]
[PlyCount "34"]
[EventDate "2007.04.20"]
[EventType "tourn"]
[EventRounds "11"]
[EventCountry "ESP"]
[Source "lmi"]
[SourceDate "2007.04.20"]

1. e4 d6 2. d4 g6 3. Nf3 Bg7 4. h3 Nf6 5. Bd3 O-O 6. O-O Nc6 7. Re1 e5 8. c3
Qe7 9. Nbd2 Nd7 10. Nb3 h6 11. Bd2 b6 12. a4 a5 13. Bc4 Bb7 14. Bd5 Nf6 15. Bc4
Nd7 16. Bd5 Nf6 17. Bc4 Nd7 1/2-1/2

[Event "Torneo Maestros FMA"]
[Site "Madrid ESP"]
[Date "2007.04.21"]
[Round "2.3"]
[White "Moreno Ruiz, Javier"]
[Black "Minzer, Claudio"]
[Result "1/2-1/2"]
[WhiteElo "2482"]
[BlackElo "2414"]
[PlyCount "97"]
[EventDate "2007.04.20"]
[EventType "tourn"]
[EventRounds "11"]
[EventCountry "ESP"]
[Source "lmi"]
[SourceDate "2007.04.20"]

1. d4 Nf6 2. c4 c5 3. d5 b5 4. cxb5 a6 5. bxa6 g6 6. Nc3 Bxa6 7. e4 Bxf1 8.
Kxf1 d6 9. Nge2 Bg7 10. h3 O-O 11. Kg1 Na6 12. Kh2 Qa5 13. Rb1 Rfb8 14. Rf1 Nd7
15. Bg5 Qd8 16. Qd2 Qf8 17. b3 Nc7 18. Qc2 Rb7 19. Kg1 Nb8 20. Bd2 Nba6 21. a3
Rab8 22. f4 Qc8 23. f5 Nb5 24. Nxb5 Rxb5 25. Bc3 Nc7 26. f6 exf6 27. Bxf6 Bxf6
28. Rxf6 Ne8 29. Rf3 Qa6 30. Nc3 R5b7 31. Na4 Nc7 32. Qf2 Nb5 33. Rf1 Qa7 34.
Rf6 Rd8 35. e5 dxe5 36. Nxc5 Rc7 37. b4 Rxd5 38. Ra6 Qb8 39. Ne4 Rd4 40. Nf6+
Kg7 41. Ng4 Rf4 42. Qh4 Rxf1+ 43. Kxf1 Rc1+ 44. Kf2 Rc2+ 45. Kg1 Rc1+ 46. Kf2
Rc2+ 47. Ke3 Rc3+ 48. Kd2 Rc2+ 49. Ke1 1/2-1/2

[Event "Torneo Maestros FMA"]
[Site "Madrid ESP"]
[Date "2007.04.21"]
[Round "2.5"]
[White "Llaneza Vega, Marcos"]
[Black "Lariño Nieto, David"]
[Result "0-1"]
[WhiteElo "2455"]
[BlackElo "2404"]
[PlyCount "120"]
[EventDate "2007.04.20"]
[EventType "tourn"]
[EventRounds "11"]
[EventCountry "ESP"]
[Source "lmi"]
[SourceDate "2007.04.20"]

1. e4 d5 2. exd5 Qxd5 3. Nc3 Qa5 4. Bc4 Nf6 5. d3 a6 6. Bd2 Qe5+ 7. Nge2 b5 8.
Bb3 Bb7 9. O-O e6 10. Bf4 Qc5 11. d4 Qc6 12. d5 exd5 13. Nd4 Qd7 14. Re1+ Be7
15. Qe2 Kf8 16. Rad1 Bb4 17. Nf3 Bxc3 18. bxc3 Nc6 19. Qe3 Kg8 20. Bxd5 Re8 21.
Qxe8+ Nxe8 22. Ng5 h6 23. Nxf7 Qxd5 24. Nxh6+ Rxh6 25. Rxd5 Nf6 26. Rd3 Rh4 27.
g3 Rh3 28. f3 Kf7 29. Bxc7 Rh8 30. g4 Rc8 31. Bg3 Ne7 32. Be5 Nfd5 33. Kf2 g5
34. Kg3 Ng6 35. Rdd1 Rc4 36. Rd4 Rc8 37. a4 Re8 38. axb5 axb5 39. Rde4 Rc8 40.
Rd4 Nh4 41. c4 bxc4 42. Rb1 Ke6 43. Re4 Bc6 44. Bf4+ Kd7 45. Bxg5 Nxf3 46. Bh6
Nc3 47. Rxc4 Nxb1 48. h4 Ne5 49. Rb4 Nc3 50. h5 Ke6 51. Bg7 Ne4+ 52. Kf4 Rc7
53. h6 Rf7+ 54. Ke3 Nxg4+ 55. Kd4 Rd7+ 56. Kc4 Bd5+ 57. Kb5 Nd6+ 58. Ka6 Nf6
59. Rf4 Bc4+ 60. Ka5 Nd5 0-1

[Event "Torneo Maestros FMA"]
[Site "Madrid ESP"]
[Date "2007.04.21"]
[Round "2.6"]
[White "Roa Alonso, Santiago"]
[Black "Borges Mateos, Juan"]
[Result "0-1"]
[WhiteElo "2423"]
[BlackElo "2482"]
[PlyCount "110"]
[EventDate "2007.04.20"]
[EventType "tourn"]
[EventRounds "11"]
[EventCountry "ESP"]
[Source "lmi"]
[SourceDate "2007.04.20"]

1. e4 c5 2. Nf3 e6 3. d4 cxd4 4. Nxd4 a6 5. Nc3 Qc7 6. Bd3 Nc6 7. Be3 Nf6 8.
O-O Nxd4 9. Bxd4 Bc5 10. Bxc5 Qxc5 11. Na4 Qa5 12. c4 d6 13. Bc2 Ke7 14. Qd4
Bd7 15. c5 dxc5 16. Nxc5 Bc6 17. e5 Nd5 18. Qh4+ Kf8 19. Nd3 h6 20. Bb3 Qd8 21.
Qh3 g6 22. Rfd1 Kg7 23. Rac1 Qg5 24. Qg3 a5 25. a3 Rhd8 26. Qxg5 hxg5 27. h3
Ne7 28. Nc5 Rxd1+ 29. Rxd1 a4 30. Bc2 Ra5 31. Nd3 Be4 32. f3 Bf5 33. g4 Bxd3
34. Bxd3 Rxe5 35. Be4 Rb5 36. Rd4 Rxb2 37. Rxa4 f5 38. Bd3 Nd5 39. h4 gxh4 40.
gxf5 gxf5 41. Rxh4 Rb3 42. Rd4 Kf6 43. Bc4 Rb1+ 44. Kf2 Rb2+ 45. Ke1 Ke5 46.
Rd3 b5 47. Rb3 Rxb3 48. Bxb3 Kd4 49. Kd2 e5 50. Bd1 Ne3 51. Be2 Nc4+ 52. Kc2
Nxa3+ 53. Kb3 Nc4 54. Kb4 Ke3 55. Bd1 Nd2 0-1

[Event "Torneo Maestros FMA"]
[Site "Madrid ESP"]
[Date "2007.04.21"]
[Round "3.2"]
[White "Lariño Nieto, David"]
[Black "Roa Alonso, Santiago"]
[Result "0-1"]
[WhiteElo "2404"]
[BlackElo "2423"]
[PlyCount "78"]
[EventDate "2007.04.20"]
[EventType "tourn"]
[EventRounds "11"]
[EventCountry "ESP"]
[Source "lmi"]
[SourceDate "2007.04.20"]

1. c4 e5 2. Nc3 Nf6 3. g3 Bb4 4. Bg2 Nc6 5. Nd5 a5 6. Nxb4 axb4 7. e3 d5 8.
cxd5 Nxd5 9. Ne2 Nde7 10. d4 exd4 11. exd4 Be6 12. Nf4 Bc4 13. d5 Ne5 14. Qd4
Qd6 15. b3 Bb5 16. Bb2 f6 17. O-O-O O-O 18. Ne6 c5 19. dxc6 Qxe6 20. cxb7 Rab8
21. Rhe1 Bc6 22. Bf1 Bd5 23. Kb1 Qf5+ 24. Ka1 Rxb7 25. Qc5 Rc8 26. Qa5 Qxf2 27.
Ba6 N5c6 28. Qa4 Ra7 29. Qb5 Rb8 30. Qd3 Rba8 31. Re2 Qb6 32. Bc4 Rxa2+ 33. Kb1
Bxc4 34. Qxc4+ Kh8 35. Rde1 Qa7 36. Kc1 Ra5 37. Kb1 Rc5 38. Bd4 Nxd4 39. Qxd4
Rc1+ 0-1

[Event "Torneo Maestros FMA"]
[Site "Madrid ESP"]
[Date "2007.04.21"]
[Round "3.4"]
[White "Minzer, Claudio"]
[Black "Hernandez, Holden"]
[Result "0-1"]
[WhiteElo "2414"]
[BlackElo "2541"]
[PlyCount "100"]
[EventDate "2007.04.20"]
[EventType "tourn"]
[EventRounds "11"]
[EventCountry "ESP"]
[Source "lmi"]
[SourceDate "2007.04.20"]

1. Nf3 Nf6 2. c4 b6 3. g3 Bb7 4. Bg2 e6 5. O-O Be7 6. Nc3 O-O 7. b3 d5 8. cxd5
Nxd5 9. Nxd5 exd5 10. Bb2 Re8 11. Rc1 a5 12. Qc2 Na6 13. d4 Bd6 14. Rfd1 Nb4
15. Qb1 Rxe2 16. Ne5 f6 17. Nc4 Re8 18. Ne3 c6 19. Bf1 g6 20. Re1 Qd7 21. a3
Na6 22. h4 f5 23. f4 Nc7 24. Qc2 Ne6 25. Ng2 Ng7 26. Rxe8+ Rxe8 27. Ne1 Qe7 28.
Nf3 Bxa3 29. Re1 Qf8 30. Rxe8 Nxe8 31. Bxa3 Qxa3 32. Qe2 Qf8 33. Ng5 Bc8 34.
Qe5 Bd7 35. Qb8 Nf6 36. Qxb6 Qe8 37. Kg2 Ng4 38. Qxa5 Qe3 39. Qa8+ Kg7 40. Qa2
Qxd4 41. Nf3 Qc3 42. Be2 Qe3 43. Qb2+ Kh6 44. Bd1 c5 45. Ng5 d4 46. Bf3 Bb5 47.
Qa2 Qe1 48. Kh3 Bf1+ 49. Bg2 Ne3 50. Nf3 Bxg2+ 0-1

[Event "Torneo Maestros FMA"]
[Site "Madrid ESP"]
[Date "2007.04.21"]
[Round "3.5"]
[White "Mirzoev, Azer"]
[Black "Moreno Ruiz, Javier"]
[Result "1/2-1/2"]
[WhiteElo "2535"]
[BlackElo "2482"]
[PlyCount "93"]
[EventDate "2007.04.20"]
[EventType "tourn"]
[EventRounds "11"]
[EventCountry "ESP"]
[Source "lmi"]
[SourceDate "2007.04.20"]

1. c4 e5 2. Nc3 Nc6 3. g3 g6 4. Bg2 Bg7 5. e3 d6 6. Nge2 Be6 7. d3 Qd7 8. Nd5
Nd8 9. O-O c6 10. Ndc3 Ne7 11. e4 O-O 12. b3 Bh3 13. Rb1 Bxg2 14. Kxg2 Ne6 15.
f3 f5 16. b4 a6 17. a4 d5 18. cxd5 cxd5 19. Qb3 Rad8 20. Ba3 b5 21. axb5 axb5
22. Rbd1 Kh8 23. Bc1 Qc6 24. Qb1 Rd7 25. Rd2 Rc8 26. Ra2 Nd4 27. Nxd4 exd4 28.
Nxd5 Nxd5 29. exd5 Qxd5 30. Re2 Ra7 31. Bf4 h6 32. Qe1 Ra2 33. Rff2 Rca8 34.
Be5 Rxe2 35. Bxg7+ Kxg7 36. Qxe2 Ra7 37. h4 Qd6 38. Qe8 Qd5 39. h5 gxh5 40.
Qxh5 Ra2 41. g4 Rxf2+ 42. Kxf2 Qe5 43. gxf5 Qe3+ 44. Kg2 Qe2+ 45. Kg3 Qe1+ 46.
Kg2 Qe2+ 47. Kg3 1/2-1/2

[Event "Torneo Maestros FMA"]
[Site "Madrid ESP"]
[Date "2007.04.21"]
[Round "3.6"]
[White "Martinez, David"]
[Black "Vazquez, Renier"]
[Result "0-1"]
[WhiteElo "2403"]
[BlackElo "2517"]
[PlyCount "154"]
[EventDate "2007.04.20"]
[EventType "tourn"]
[EventRounds "11"]
[EventCountry "ESP"]
[Source "lmi"]
[SourceDate "2007.04.20"]

1. Nf3 Nf6 2. d4 d5 3. c4 e6 4. Nc3 c6 5. Bg5 Nbd7 6. e3 Qa5 7. Nd2 Bb4 8. Qc2
O-O 9. Be2 e5 10. O-O exd4 11. Nb3 Qb6 12. exd4 dxc4 13. Bxc4 a5 14. a4 Qc7 15.
Nd2 h6 16. Bh4 Qd6 17. Qd3 Nb6 18. Bb3 Qf4 19. Bg3 Bf5 20. Qe3 Qg4 21. Nf3 Nbd5
22. Qc1 Rfe8 23. h3 Qh5 24. Ne5 Qg5 25. Nxd5 Nxd5 26. Qd1 Be6 27. Nd3 Nf6 28.
Nxb4 axb4 29. Re1 Bxb3 30. Qxb3 Nd5 31. Re5 Qg6 32. Rae1 f6 33. Rxe8+ Rxe8 34.
Rxe8+ Qxe8 35. Qd1 Qe4 36. f3 Qe3+ 37. Bf2 Qg5 38. Kh2 Qf5 39. Bg3 Kf7 40. a5
h5 41. Qe2 g5 42. a6 h4 43. axb7 hxg3+ 44. Kg1 Qf4 45. Qd3 Qc1+ 46. Qf1 Qe3+
47. Kh1 Qf4 48. Qc4 Qe3 49. Qf1 Qe8 50. Kg1 Kg7 51. b3 Nb6 52. Qc1 Nd7 53. Kf1
Qe6 54. h4 Qxb3 55. hxg5 Qd3+ 56. Ke1 Qxd4 57. gxf6+ Qxf6 58. Qd1 Qe6+ 59. Kf1
Qc4+ 60. Ke1 Qd5 61. Qa1+ Kf7 62. Qh8 Qd6 63. Qh7+ Ke8 64. Qg8+ Ke7 65. Qg5+
Ke6 66. Qg8+ Ke5 67. Qe8+ Kd5 68. Qxd7 Qxd7 69. b8=Q Kc4 70. Qxg3 Qd4 71. Qg6
Qe3+ 72. Kd1 c5 73. Qa6+ Kb3 74. Qb5 c4 75. Qd5 Qd3+ 76. Qxd3+ cxd3 77. Kd2 Ka2
0-1

[Event "Torneo Maestros FMA"]
[Site "Madrid ESP"]
[Date "2007.04.22"]
[Round "4.1"]
[White "Mateo, Ramon"]
[Black "Vazquez, Renier"]
[Result "1/2-1/2"]
[WhiteElo "2448"]
[BlackElo "2517"]
[PlyCount "33"]
[EventDate "2007.04.20"]
[EventType "tourn"]
[EventRounds "11"]
[EventCountry "ESP"]
[Source "lmi"]
[SourceDate "2007.04.20"]

1. Nf3 Nf6 2. c4 g6 3. d4 d5 4. Bg5 Bg7 5. Nc3 Ne4 6. Bf4 Nxc3 7. bxc3 O-O 8.
e3 c5 9. cxd5 cxd4 10. cxd4 Qxd5 11. Be2 Nc6 12. O-O Bf5 13. Nd2 Rac8 14. Bf3
Qb5 15. Be2 Qd5 16. Bf3 Qb5 17. Be2 1/2-1/2

[Event "Torneo Maestros FMA"]
[Site "Madrid ESP"]
[Date "2007.04.22"]
[Round "4.3"]
[White "Hernandez, Holden"]
[Black "Mirzoev, Azer"]
[Result "0-1"]
[WhiteElo "2541"]
[BlackElo "2535"]
[PlyCount "108"]
[EventDate "2007.04.20"]
[EventType "tourn"]
[EventRounds "11"]
[EventCountry "ESP"]
[Source "lmi"]
[SourceDate "2007.04.20"]

1. d4 d5 2. c4 e6 3. Nc3 Nf6 4. Nf3 Nbd7 5. cxd5 exd5 6. Bg5 Bb4 7. e3 c5 8.
Bd3 Qa5 9. O-O c4 10. Bf5 O-O 11. Qc2 Re8 12. Nd2 g6 13. Bh3 Bxc3 14. Qxc3 Qxc3
15. bxc3 Ne4 16. Nxe4 dxe4 17. Bxd7 Bxd7 18. Rfd1 Kg7 19. a4 f6 20. Bf4 g5 21.
Bg3 b6 22. a5 Kg6 23. d5 b5 24. a6 Rac8 25. Bd6 h5 26. h3 h4 27. Ra5 Red8 28.
Bb4 Re8 29. Kf1 f5 30. Bd6 Kf6 31. Ke2 Red8 32. f4 gxf4 33. Bxf4 Rg8 34. Kf2
Rg6 35. Rg1 Rc5 36. Bb8 Rxd5 37. Ke2 Kf7 38. Bxa7 Rdd6 39. Rd1 Rxg2+ 40. Kf1
Rxd1+ 41. Kxg2 Bc6 42. Bb8 Rd3 43. Kf2 Rxc3 44. a7 Rb3 45. Ke2 Ba8 46. Kd2 Rd3+
47. Kc2 Rxe3 48. Rxb5 Rf3 49. Bd6 e3 50. Rb8 Be4+ 51. Kd1 Rf2 52. a8=Q Bxa8 53.
Bc5 Bf3+ 54. Ke1 Rh2 0-1

[Event "Torneo Maestros FMA"]
[Site "Madrid ESP"]
[Date "2007.04.22"]
[Round "4.5"]
[White "Roa Alonso, Santiago"]
[Black "Campora, Daniel"]
[Result "1-0"]
[WhiteElo "2423"]
[BlackElo "2532"]
[PlyCount "105"]
[EventDate "2007.04.20"]
[EventType "tourn"]
[EventRounds "11"]
[EventCountry "ESP"]
[Source "lmi"]
[SourceDate "2007.04.20"]

1. e4 e5 2. Nf3 d6 3. d4 exd4 4. Nxd4 Nf6 5. Nc3 Be7 6. Bc4 O-O 7. O-O c6 8. a4
a5 9. Re1 Na6 10. b3 Nc5 11. Bb2 Re8 12. Qf3 Bf8 13. h3 Ncd7 14. Bf1 Ne5 15.
Qg3 Ng6 16. Rad1 Qb6 17. Ba3 d5 18. Bxf8 Nxf8 19. e5 Nh5 20. Qf3 g6 21. Ndb5
Be6 22. Nd6 Re7 23. g4 Ng7 24. Qg3 Nd7 25. Qh4 Qd8 26. Nxb7 Qf8 27. Re3 Nxe5
28. Nxa5 f6 29. f4 Nxg4 30. hxg4 Rxa5 31. Ne2 Bd7 32. Rh3 h5 33. f5 Rc5 34. Nd4
Re4 35. Qf2 Rxg4+ 36. Kh1 Nxf5 37. Rf3 Rxd4 38. Rxd4 Nxd4 39. Rxf6 Qg7 40. Qxd4
Rxc2 41. Qe5 Bf5 42. Qe8+ Kh7 43. Rf7 Be4+ 44. Kg1 Rc1 45. Rxg7+ Kxg7 46. Qe5+
Kh7 47. Qc7+ Kg8 48. Qf4 Rb1 49. a5 Bd3 50. a6 Ra1 51. a7 Bxf1 52. Qb8+ Kh7 53.
a8=Q 1-0

[Event "Torneo Maestros FMA"]
[Site "Madrid ESP"]
[Date "2007.04.22"]
[Round "4.6"]
[White "Borges Mateos, Juan"]
[Black "Lariño Nieto, David"]
[Result "0-1"]
[WhiteElo "2482"]
[BlackElo "2404"]
[PlyCount "56"]
[EventDate "2007.04.20"]
[EventType "tourn"]
[EventRounds "11"]
[EventCountry "ESP"]
[Source "lmi"]
[SourceDate "2007.04.20"]

1. d4 Nf6 2. Nf3 g6 3. c4 Bg7 4. g3 O-O 5. Bg2 c5 6. O-O cxd4 7. Nxd4 Nc6 8.
Nc3 Ng4 9. Nc2 Nge5 10. Ne3 d6 11. Bd2 Be6 12. Ncd5 Qd7 13. Bc3 Rfc8 14. Rc1
Bh3 15. Bxh3 Qxh3 16. b4 Bf8 17. f4 Nd7 18. b5 Nd8 19. f5 f6 20. Rf4 Qh6 21.
Ng4 Qg7 22. fxg6 Qxg6 23. Qd3 Ne6 24. Nxe7+ Bxe7 25. Qd5 f5 26. Bf6 Kf7 27.
Bxe7 Kxe7 28. Ne3 Nxf4 0-1

[Event "Torneo Maestros FMA"]
[Site "Madrid ESP"]
[Date "2007.04.23"]
[Round "5.1"]
[White "Lariño Nieto, David"]
[Black "Mateo, Ramon"]
[Result "1-0"]
[WhiteElo "2404"]
[BlackElo "2448"]
[PlyCount "91"]
[EventDate "2007.04.20"]
[EventType "tourn"]
[EventRounds "11"]
[EventCountry "ESP"]
[Source "lmi"]
[SourceDate "2007.04.20"]

1. e4 c6 2. d4 d5 3. e5 Bf5 4. h4 Qb6 5. Ne2 Na6 6. Ng3 Bd7 7. c3 e6 8. b4 Qd8
9. Qg4 Nc7 10. Bd3 f5 11. Qg5 Qxg5 12. hxg5 a5 13. Bd2 axb4 14. cxb4 Na6 15.
Bxa6 Rxa6 16. a4 Ne7 17. Nc3 Nc8 18. Rb1 Be7 19. Ke2 O-O 20. f4 Nb6 21. a5 Nc4
22. Na4 b6 23. Rhc1 Rb8 24. Rxc4 dxc4 25. Nxb6 Be8 26. Rc1 h6 27. gxh6 gxh6 28.
Ke3 Ra7 29. Ne2 Bd8 30. Nxc4 Rg7 31. g3 Bh5 32. Rh1 Bxe2 33. Kxe2 Rxg3 34. Rxh6
Be7 35. Rxe6 Bxb4 36. Be3 Bxa5 37. Nxa5 Rb2+ 38. Kd3 Rf2 39. Nxc6 Rff3 40. Ne7+
Kf7 41. Nxf5 Kxe6 42. Nxg3 Rxg3 43. Ke4 Rh3 44. d5+ Kd7 45. f5 Rh1 46. f6 1-0

[Event "Torneo Maestros FMA"]
[Site "Madrid ESP"]
[Date "2007.04.23"]
[Round "5.4"]
[White "Mirzoev, Azer"]
[Black "Llaneza Vega, Marcos"]
[Result "0-1"]
[WhiteElo "2535"]
[BlackElo "2455"]
[PlyCount "88"]
[EventDate "2007.04.20"]
[EventType "tourn"]
[EventRounds "11"]
[EventCountry "ESP"]
[Source "lmi"]
[SourceDate "2007.04.20"]

1. d4 Nf6 2. c4 g6 3. f3 d5 4. cxd5 Nxd5 5. e4 Nb6 6. Nc3 Bg7 7. Be3 O-O 8. Qd2
e5 9. d5 c6 10. O-O-O cxd5 11. exd5 Bd7 12. Bh6 Bxh6 13. Qxh6 Na4 14. Nxa4 Bxa4
15. b3 Qa5 16. Kb2 Nd7 17. Qd2 Qb6 18. Ne2 Nc5 19. Nc1 Rac8 20. Bc4 Bb5 21.
Bxb5 Qxb5 22. Ka1 a5 23. Rhe1 a4 24. Qb2 f6 25. b4 Nd7 26. a3 Rc4 27. Ne2 Rfc8
28. Rd2 Qb6 29. Red1 Qd6 30. g4 Qc7 31. Kb1 Kf7 32. h4 Qd6 33. Ng3 f5 34. gxf5
gxf5 35. Rd3 Qg6 36. Nf1 f4 37. Qe2 e4 38. fxe4 Rxe4 39. Qa2 Rec4 40. Qe2 Re8
41. Qa2 Ne5 42. d6 b5 43. d7 Rd8 44. Qe2 Rxd7 0-1

[Event "Torneo Maestros FMA"]
[Site "Madrid ESP"]
[Date "2007.04.23"]
[Round "5.5"]
[White "Martinez, David"]
[Black "Hernandez, Holden"]
[Result "1-0"]
[WhiteElo "2403"]
[BlackElo "2541"]
[PlyCount "83"]
[EventDate "2007.04.20"]
[EventType "tourn"]
[EventRounds "11"]
[EventCountry "ESP"]
[Source "lmi"]
[SourceDate "2007.04.20"]

1. e4 c5 2. Nf3 d6 3. d4 cxd4 4. Nxd4 Nf6 5. Nc3 a6 6. Be2 e6 7. O-O Be7 8. Kh1
O-O 9. f4 Qc7 10. Be3 b5 11. e5 dxe5 12. fxe5 Nfd7 13. Bf4 Bb7 14. Bd3 Nc5 15.
Qg4 Rd8 16. Bg3 Nxd3 17. Rxf7 Kxf7 18. Rf1+ Kg8 19. Nxe6 Bxg2+ 20. Kxg2 Qc6+
21. Ne4 g6 22. Nxd8 Qxc2+ 23. Kh3 Qc4 24. Nf6+ Kg7 25. Ne8+ Kg8 26. Nf6+ Kg7
27. Ne8+ Kg8 28. Qf3 Nxe5 29. Bxe5 Nd7 30. Nc6 Qe6+ 31. Kg2 Rxe8 32. Bc3 Bf8
33. Re1 Qf7 34. Rxe8 Qxe8 35. Nd8 h5 36. Qd5+ Kh7 37. Ne6 Bh6 38. Qd4 g5 39.
Nxg5+ Kg6 40. Qd3+ Kxg5 41. h4+ Kf4 42. Qf3# 1-0